000 00307nam a22001337a 4500
008 180104b xxu||||| |||| 00| 0 eng d
020 _a0863773370
041 _aeng
080 _a159.9
100 _a48
101 _aPSI
245 _aTHE NEUROPSYCHOLOGY OF SCHIZOPHRENIA
_cDAVID.A.S
942 _2udc
_cBK
999 _c39704
_d39704